000
00264nam a22001217a 4500
008
170608b xxu||||| |||| 00| 0 eng d
041
_a
eng
080
_a
94(100)
100
_a
18
101
_a
SHH
245
_a
THE AFTER-MATH OF WAR
_c
TULCHIN.J
942
_2
udc
_c
BK
999
_c
16449
_d
16449